[Event "Druzynowe Mistrzostwa Polski Juniorow 2018 - II Liga"]
[Site "Szczyrk"]
[Date "1899-12-30"]
[Round "6.36"]
[White "Sloniewska, Alicja"]
[Black "Roszkiewicz, Zofia"]
[Result "0-1"]
[WhiteTitle "I"]
[BlackTitle "I"]
[WhiteElo "1409"]
[BlackElo "1265"]

1. d4 d5 2. c4 c6 3. Qc2 Nf6 4. Nf3 e6 5. Bg5 Be7 6. e3 Nbd7 7. Bd3 O-O 8. O-O
h6 9. Bh4 b6 10. a3 c5 11. Nbd2 Bb7 12. Rac1 Rc8 13. Qb1 a6 14. Nb3 dxc4 15. Bxc4
Bxf3 16. gxf3 b5 17. Be2 c4 18. Nd2 Nd5 19. Bg3 h5 20. h3 h4 21. Bh2 N7b6 22.
Kh1 Na4 23. Nxc4 bxc4 24. Rxc4 Rxc4 25. Bxc4 Qb6 26. b3 Nac3 27. Qc1 Nb5 28. Bxd5
exd5 29. b4 Qe6 30. Kg2 Qg6+ 31. Kh1 Qf5 32. Kg2 Rc8 33. Qb2 Rc6 34. f4 Rg6+ 35.
Kh1 Qxh3 0-1

[Event "Druzynowe Mistrzostwa Polski Juniorow 2018 - II Liga"]
[Site "Szczyrk"]
[Date "1899-12-30"]
[Round "6.38"]
[White "Golecki, Jan"]
[Black "Radecki, Adam"]
[Result "1/2-1/2"]
[WhiteTitle "I++"]
[BlackTitle "I"]
[WhiteElo "2001"]
[BlackElo "1702"]

1. e4 c5 2. Nf3 d6 3. d4 cxd4 4. Qxd4 e5 5. Bb5+ Nc6 6. Qd3 Nf6 7. Bg5 Be7 8. Nc3
a6 9. Bc4 Be6 10. Bxf6 Bxf6 11. Nd5 Bxd5 12. Bxd5 Qc7 13. c3 O-O 14. Rd1 Rfd8
15. O-O Rac8 16. Bxc6 Qxc6 17. Rd2 Qc4 18. Qd5 Qxd5 19. Rxd5 Kf8 20. Rfd1 Ke7
21. g4 Ke6 22. R1d3 Rc5 23. Rxc5 dxc5 24. Ne1 Rd6 25. c4 Bd8 26. Kf1 Rd4 27. Rxd4
cxd4 28. Ke2 Be7 29. Nd3 f6 30. b4 g5 31. c5 Kd7 32. Kd2 Kc6 33. Kc2 a5 34. Kb3
axb4 35. Kc4 b5+ 36. cxb6 Kxb6 37. Nb2 Kc6 1/2-1/2

[Event "Druzynowe Mistrzostwa Polski Juniorow 2018 - II Liga"]
[Site "Szczyrk"]
[Date "1899-12-30"]
[Round "6.39"]
[White "Piechota, Kamil"]
[Black "Szemplinski, Jerzy"]
[Result "1-0"]
[WhiteTitle "II"]
[BlackTitle "II"]
[WhiteElo "1521"]
[BlackElo "1411"]

1. e4 c5 2. c3 d5 3. exd5 Qxd5 4. d4 Nc6 5. Nf3 Bf5 6. Be3 Nf6 7. Be2 Bxb1 8. Qxb1
cxd4 9. Bxd4 Nxd4 10. Nxd4 a6 11. O-O e5 12. Nb3 Bd6 13. Bf3 Qb5 14. Rd1 Rd8 15.
c4 Qb6 16. c5 Bxc5 17. Rxd8+ Kxd8 18. Nxc5 Qxc5 19. Bxb7 a5 20. Qf5 Kc7 21. Bf3
Re8 22. Qg5 Qe7 23. Rc1+ Kb8 24. Qe3 Qb4 25. a3 Qxb2 26. Qc5 Re7 27. Qc8+ Ka7
28. Qa8+ Kb6 29. Qb8+ Ka6 30. Rc6+ Qb6 31. Rxb6# 1-0

[Event "Druzynowe Mistrzostwa Polski Juniorow 2018 - II Liga"]
[Site "Szczyrk"]
[Date "1899-12-30"]
[Round "6.40"]
[White "Grzadka, Artur"]
[Black "Kubik, Rafal"]
[Result "1/2-1/2"]
[WhiteTitle "II"]
[BlackTitle "III"]
[WhiteElo "1389"]
[BlackElo "1199"]

1. e4 e5 2. Nf3 Nc6 3. Bc4 Bc5 4. O-O Nf6 5. d3 d6 6. Be3 Bb6 7. c3 Bxe3 8. fxe3
O-O 9. Nbd2 Bg4 10. Qc2 Qd7 11. Rae1 a6 12. d4 Rab8 13. Bd3 Ne7 14. dxe5 dxe5
15. Nxe5 Qe6 16. Nxg4 Nxg4 17. h3 Ne5 18. Be2 Qxa2 19. Nf3 Nxf3+ 20. Bxf3 Ng6
21. Ra1 Qe6 22. Bg4 Qe7 23. Rad1 Rbd8 24. Bf3 Rfe8 25. Rd4 Ne5 26. Rfd1 Nxf3+
27. gxf3 Qg5+ 28. Kh2 Rxd4 29. exd4 Qf4+ 30. Kg2 Qg5+ 31. Kh1 Re6 32. Qg2 Rg6
33. Qxg5 Rxg5 34. Rg1 Ra5 35. Kh2 Ra2 36. Rg2 b6 37. Kg3 a5 38. f4 a4 39. Kf3
Kf8 40. Re2 f6 41. Ke3 g5 42. f5 h5 43. Kf3 g4+ 44. hxg4 hxg4+ 45. Ke3 g3 46.
Kf3 c5 47. dxc5 bxc5 48. Rg2 a3 49. bxa3 Rxa3 50. Rc2 Ke7 51. Kxg3 Kd6 52. Kf4
Rb3 53. c4 Rd3 54. Ra2 Rd4 55. Ra6+ Ke7 56. Ra7+ Kf8 57. Ra8+ Ke7 58. Ra7+ Kf8
59. Ra4 Ke7 60. Ra7+ Kf8 61. Ra8+ Ke7 62. Ra7+ Kf8 63. Ra4 1/2-1/2

[Event "Druzynowe Mistrzostwa Polski Juniorow 2018 - II Liga"]
[Site "Szczyrk"]
[Date "1899-12-30"]
[Round "6.41"]
[White "Obrochta, Lena"]
[Black "Krzysztynska, Anna"]
[Result "0-1"]
[WhiteTitle "I"]
[BlackTitle "I+"]
[WhiteElo "1422"]
[BlackElo "1758"]

1. e4 e5 2. Nf3 Nc6 3. Bc4 Nf6 4. d3 h6 5. c3 g6 6. Bb3 Bg7 7. Be3 O-O 8. O-O d5
9. exd5 Nxd5 10. h3 Kh7 11. Na3 a6 12. Bc2 b5 13. d4 Bb7 14. dxe5 Nxe5 15. Nxe5
Bxe5 16. Qh5 Nxe3 17. fxe3 Qd5 18. Qe2 Rad8 19. Rfd1 Qc5 20. Qf2 Bd6 21. Rf1 Qe5
22. Qf4 Qxf4 23. exf4 Bc5+ 24. Kh2 Rd2 25. Bb3 Rxg2+ 26. Kh1 Rxb2+ 27. Rf3 Bxf3#
0-1

[Event "Druzynowe Mistrzostwa Polski Juniorow 2018 - II Liga"]
[Site "Szczyrk"]
[Date "1899-12-30"]
[Round "6.42"]
[White "Moscicka, Alicja"]
[Black "Czerwinska, Oliwia"]
[Result "0-1"]
[WhiteTitle "II"]
[BlackTitle "I"]
[WhiteElo "1000"]
[BlackElo "1245"]

1. e4 e5 2. Nf3 Nc6 3. d4 exd4 4. Bc4 Nf6 5. Ng5 Ne5 6. Qxd4 Nxc4 7. Qxc4 Qe7 8.
Nc3 h6 9. Nf3 Qc5 10. Qxc5 Bxc5 11. h3 O-O 12. e5 Ne8 13. O-O c6 14. Re1 Nc7 15.
Bd2 Re8 16. Rad1 Ne6 17. Be3 Bb4 18. Rd3 Nc5 19. Bxc5 Bxc5 20. a3 b5 21. b4 Bb6
22. Ne4 a5 23. c3 axb4 24. cxb4 Kf8 25. Nd6 Rd8 26. Ra1 Bc7 27. Ra2 Ke7 28. Kf1
Rf8 29. Nxc8+ Rfxc8 30. Ke2 Ra4 31. Ke3 Rca8 32. Rb3 Ke8 33. g4 Bd8 34. h4 Be7
35. Nd4 Bxb4 36. Nc2 Be7 37. h5 Rxg4 38. Ke2 Rg5 39. f4 Rxh5 40. Rg3 Rh2+ 41.
Kf3 Kf8 42. Rg2 Rxg2 43. Kxg2 b4 44. Rb2 bxa3 45. Ra2 Ra4 46. Kf3 f6 47. exf6
gxf6 48. Kg4 Bd6 49. Kh5 Bxf4 50. Rxa3 Rxa3 51. Nxa3 d5 52. Nc2 c5 53. Kg4 Bg5
54. Kf3 Ke7 55. Ke2 Ke6 56. Kd3 Ke5 57. Ke2 Ke4 58. Kf2 d4 59. Ke1 h5 60. Kf2
d3 61. Na1 c4 62. Ke1 h4 63. Kd1 h3 64. Nc2 dxc2+ 65. Kxc2 h2 0-1

[Event "Druzynowe Mistrzostwa Polski Juniorow 2018 - II Liga"]
[Site "Szczyrk"]
[Date "1899-12-30"]
[Round "6.43"]
[White "Twardowski, Hubert"]
[Black "Kucharski, Bartlomiej"]
[Result "1-0"]
[WhiteTitle "I"]
[BlackTitle "I"]
[WhiteElo "1728"]
[BlackElo "1861"]

1. e4 d6 2. d4 Nf6 3. Nc3 e5 4. dxe5 dxe5 5. Qxd8+ Kxd8 6. Bg5 Be6 7. O-O-O Nd7
8. Bxf6+ gxf6 9. Nd5 f5 10. f3 Bh6+ 11. Kb1 c6 12. Nf6 Ke7 13. Nxd7 Bxd7 14. Bc4
Rhg8 15. g3 Rad8 16. exf5 Bxf5 17. Ne2 Bh3 18. Nc3 Bd2 19. Bd3 Bxc3 20. bxc3 Bg2
21. Rhe1 f6 22. Re3 h5 23. Rde1 Kd6 24. Bf5 Rg5 25. g4 Bh3 26. f4 exf4 27. Rxh3
hxg4 28. Rd3+ Kc5 29. Rxd8 Rxf5 30. Rg8 1-0

[Event "Druzynowe Mistrzostwa Polski Juniorow 2018 - II Liga"]
[Site "Szczyrk"]
[Date "1899-12-30"]
[Round "6.44"]
[White "Wolak, Kamil"]
[Black "Sulima, Franciszek"]
[Result "1/2-1/2"]
[WhiteTitle "II+"]
[BlackTitle "II"]
[WhiteElo "1579"]
[BlackElo "1281"]

1. e4 c5 2. Nf3 d6 3. Bb5+ Nd7 4. O-O e6 5. c3 Nf6 6. Re1 a6 7. Bd3 Be7 8. Bc2
O-O 9. d4 cxd4 10. cxd4 b5 11. e5 dxe5 12. dxe5 Nd5 13. a3 Bb7 14. Qd3 g6 15.
Bh6 Re8 16. Nbd2 Bf8 17. Bxf8 Rxf8 18. Ne4 Qe7 19. Bb3 Nc5 20. Nxc5 Qxc5 21. Rac1
Qe7 22. Bxd5 Bxd5 23. Nd4 Rac8 24. Qe3 Qb7 25. f3 Rxc1 26. Rxc1 Rc8 27. Rxc8+
Qxc8 28. Qc3 Qxc3 29. bxc3 Kf8 30. Kf2 Ke7 31. Ke3 f6 32. exf6+ Kxf6 33. g3 Ke5
34. Ne2 g5 35. f4+ gxf4+ 36. gxf4+ Kf5 37. h3 e5 38. Ng3+ Ke6 39. fxe5 Kxe5 40.
Ne2 Bc4 41. Ng3 Bd5 1/2-1/2

[Event "Druzynowe Mistrzostwa Polski Juniorow 2018 - II Liga"]
[Site "Szczyrk"]
[Date "1899-12-30"]
[Round "6.45"]
[White "Trzebinski, Patryk"]
[Black "Mirowska, Oliwia"]
[Result "0-1"]
[WhiteTitle "I"]
[BlackTitle "I++"]
[WhiteElo "1779"]
[BlackElo "1429"]

1. e4 d6 2. Bc4 Nf6 3. Nc3 e5 4. d3 Nbd7 5. Nge2 Be7 6. Be3 c6 7. Qd2 b5 8. Bb3
a5 9. a3 Bb7 10. Ng3 Ng4 11. Nf5 O-O 12. Nxe7+ Qxe7 13. Bg5 Ngf6 14. Ne2 h6 15.
Bh4 Qd8 16. Ng3 Nc5 17. Ba2 Kh7 18. O-O d5 19. f4 dxe4 20. fxe5 Qd4+ 21. Qf2 Qxf2+
22. Rxf2 Ng4 23. Rxf7 Rxf7 24. Bxf7 Nxe5 25. Ba2 exd3 26. Be7 Na4 27. cxd3 Nxb2
28. Ne4 Nbxd3 29. Nd6 Ba6 30. Nf7 Nxf7 31. Bxf7 Ra7 32. Be6 Rxe7 33. Bf5+ g6 34.
Bxd3 c5 35. a4 c4 36. Bc2 b4 37. Kf2 b3 38. Bd1 c3 39. Bxb3 Re2+ 40. Kf3 Rb2 41.
Bd5 Bd3 42. Ke3 Bf5 43. Rc1 c2 44. Bc6 Kg7 45. h3 h5 46. Be4 Rb3+ 47. Kf4 Rb4
48. Ke3 Rxe4+ 49. Kd2 Rxa4 50. Re1 Rc4 0-1

[Event "Druzynowe Mistrzostwa Polski Juniorow 2018 - II Liga"]
[Site "Szczyrk"]
[Date "1899-12-30"]
[Round "6.46"]
[White "Bartuzi, Krzysztof"]
[Black "Dembicki, Karol"]
[Result "0-1"]
[WhiteTitle "II"]
[BlackTitle "II"]
[WhiteElo "1200"]
[BlackElo "1457"]

1. e4 c5 2. Nf3 e6 3. d4 cxd4 4. Nxd4 Nf6 5. Nc3 d6 6. Bg5 Be7 7. Qd2 a6 8. Bd3
b5 9. O-O Bb7 10. Rfe1 Nbd7 11. Nf3 Qc7 12. Nd1 O-O 13. Rc1 Nc5 14. Bxf6 Bxf6
15. b4 Nxd3 16. cxd3 Qb6 17. d4 Rac8 18. Nc3 Rc4 19. Rcd1 Rfc8 20. Re3 Qc7 21.
Ne2 Rc2 22. Qe1 Rxa2 23. Rc1 Rxe2 24. Rxc7 Rxe1+ 25. Rxe1 Rxc7 26. e5 dxe5 27.
dxe5 Be7 28. Rd1 h6 29. h3 Bxf3 30. gxf3 Bxb4 31. Rd8+ Kh7 32. Ra8 a5 33. Rb8
Rc5 34. f4 a4 35. Rd8 a3 36. Rd1 a2 37. Ra1 Rc2 38. Kf1 Bc3 39. Kg1 Bxa1 40. h4
Bd4 41. Kf1 Qa1+ 42. Kg2 Rxf2+ 43. Kh3 Qh1+ 44. Kg3 Qf3# 0-1

[Event "Druzynowe Mistrzostwa Polski Juniorow 2018 - II Liga"]
[Site "Szczyrk"]
[Date "1899-12-30"]
[Round "6.47"]
[White "Filipska, Maja"]
[Black "Wolak, Julia"]
[Result "1-0"]
[WhiteTitle "I++"]
[BlackTitle "I"]
[WhiteElo "1569"]
[BlackElo "1265"]

1. e4 c5 2. Nf3 Nc6 3. d4 cxd4 4. Nxd4 Nf6 5. Nc3 e5 6. Ndb5 d6 7. Bg5 a6 8. Na3
b5 9. Nd5 Be7 10. Nxe7 Qxe7 11. Be2 Bb7 12. f3 Nd4 13. O-O h6 14. Be3 Nxe2+ 15.
Qxe2 d5 16. exd5 Nxd5 17. Rfe1 O-O 18. c4 bxc4 19. Nxc4 Rfe8 20. Bf2 Rac8 21.
b3 f6 22. Qd2 Rcd8 23. Qa5 Qb4 24. Bc5 Qxa5 25. Nxa5 Ba8 26. Nc4 Nf4 27. Red1
Ne2+ 28. Kf2 Nc3 29. Rd6 Rxd6 30. Nxd6 Rd8 31. Rc1 Nb5 32. Nxb5 axb5 33. Be3 e4
34. Rc5 Rb8 35. Bf4 Re8 36. Rxb5 Kf7 37. Rb8 Rxb8 38. Bxb8 Ke6 39. Ke3 exf3 40.
gxf3 Kd5 41. Kd3 f5 42. Ba7 g6 43. a4 Ke5 44. Bb8+ Kd5 45. b4 g5 46. Bc7 Bb7 47.
Bb6 Ke5 48. Bd4+ Kd5 49. b5 h5 50. a5 Kd6 51. a6 Bxf3 52. b6 Bc6 53. Be5+ 1-0

[Event "Druzynowe Mistrzostwa Polski Juniorow 2018 - II Liga"]
[Site "Szczyrk"]
[Date "1899-12-30"]
[Round "6.48"]
[White "Hals, Emilia"]
[Black "Skolska, Emilia"]
[Result "0-1"]
[WhiteTitle "I"]
[BlackTitle "I"]
[WhiteElo "1243"]
[BlackElo "1157"]

1. e4 e5 2. Nf3 Nc6 3. Nc3 Nf6 4. Bb5 Bb4 5. d3 Nd4 6. a3 Bxc3+ 7. bxc3 Nxb5 8.
Nxe5 d5 9. c4 dxc4 10. Nxc4 Be6 11. Ne3 Qd4 12. Bd2 c5 13. c4 Nc7 14. Ba5 b6 15.
Nc2 Qd7 16. Bc3 Qa4 17. O-O Rd8 18. Qe2 Qb3 19. Be5 Rd7 20. f4 Bg4 21. Rfb1 Qxb1+
22. Rxb1 Bxe2 0-1

[Event "Druzynowe Mistrzostwa Polski Juniorow 2018 - II Liga"]
[Site "Szczyrk"]
[Date "1899-12-30"]
[Round "6.49"]
[White "Laszczak, Przemyslaw"]
[Black "Poziomkowski, Szymon"]
[Result "1-0"]
[WhiteTitle "k"]
[BlackTitle "I"]
[WhiteElo "1990"]
[BlackElo "1767"]

1. d4 Nf6 2. c4 e6 3. Nc3 Bb4 4. e3 b6 5. Ne2 Bb7 6. a3 Be7 7. d5 d6 8. g3 c6 9.
dxe6 fxe6 10. Nf4 Bc8 11. Bg2 e5 12. Nd3 Be6 13. b3 O-O 14. O-O Qc8 15. Bb2 Bh3
16. b4 Bxg2 17. Kxg2 Qe6 18. c5 bxc5 19. bxc5 d5 20. Ne2 Nbd7 21. Bxe5 Ng4 22.
Nd4 Qg6 23. Bf4 Nxc5 24. Nxc5 Bxc5 25. Rc1 Bxa3 26. Rxc6 Qe4+ 27. f3 Nxe3+ 28.
Bxe3 Qxe3 29. Re1 Qg5 30. Ne6 Qg6 31. Qxd5 Qf7 32. Rc7 Rad8 33. Rxf7 Rxd5 34.
Rxg7+ Kh8 35. Rxa7 Rd2+ 36. Kh3 Rxf3 37. Ra8+ 1-0

[Event "Druzynowe Mistrzostwa Polski Juniorow 2018 - II Liga"]
[Site "Szczyrk"]
[Date "1899-12-30"]
[Round "6.50"]
[White "Fiszer, Bartosz"]
[Black "Trybus, Daniel"]
[Result "1-0"]
[WhiteTitle "CM"]
[BlackTitle "I+"]
[WhiteElo "2011"]
[BlackElo "1793"]

1. e4 g6 2. d4 c6 3. Nd2 Bg7 4. c3 d5 5. e5 h5 6. f4 Nh6 7. Ndf3 Bg4 8. Be3 Qb6
9. Qd2 Bxf3 10. Nxf3 Nf5 11. Bf2 Nd7 12. h3 Bf8 13. Rg1 h4 14. Bd3 Ng3 15. Bxg3
hxg3 16. e6 fxe6 17. Bxg6+ Kd8 18. Ng5 Kc8 19. Nxe6 Bh6 20. Qe2 Rg8 21. Bf5 Nf6
22. O-O-O a5 23. Qe5 a4 24. Nc7+ Kd8 25. Nxa8 Qa7 26. Nc7 Nh5 27. Ne6+ Ke8 28.
Bg6+ Rxg6 29. Qxh5 Kf7 30. Nd8+ Kg7 31. Rge1 Bxf4+ 32. Kb1 b5 33. Ne6+ 1-0

[Event "Druzynowe Mistrzostwa Polski Juniorow 2018 - II Liga"]
[Site "Szczyrk"]
[Date "1899-12-30"]
[Round "6.51"]
[White "Syrkiewicz, Michal"]
[Black "Cwiek, Ryszard"]
[Result "1/2-1/2"]
[WhiteTitle "II+"]
[BlackTitle "I"]
[WhiteElo "1799"]
[BlackElo "1741"]

1. e4 Nc6 2. Nf3 d6 3. d4 Nf6 4. Nc3 g6 5. h3 Bg7 6. Be2 O-O 7. Be3 a6 8. Qd2 e5
9. O-O-O exd4 10. Nxd4 Bd7 11. h4 h5 12. f3 Ne5 13. Bh6 Kh7 14. Bxg7 Kxg7 15.
Rdg1 c5 16. Nb3 Bc6 17. Rd1 Ne8 18. Nxc5 Qb6 19. Nb3 Rd8 20. Qd4 Qxd4 21. Nxd4
Nc7 22. Rd2 Kf6 23. Nb3 Ke7 24. Rhd1 f5 25. Nd5+ Bxd5 26. exd5 f4 27. c4 Rc8 28.
Na5 b6 29. Nb3 Na8 30. Rc2 Rc7 31. Kb1 Rcc8 32. Nd4 Nc7 33. Bf1 Kf6 34. b4 Rfe8
35. Ne2 g5 36. hxg5+ Kxg5 37. c5 bxc5 38. bxc5 Nb5 39. Ka1 Rxc5 40. Rxc5 dxc5
41. a4 Na3 42. Rc1 Nac4 43. Nc3 Nd2 44. Ne4+ Nxe4 45. fxe4 Nd7 46. Re1 Nb6 47.
d6 Kf6 48. Bxa6 Ra8 49. e5+ Ke6 50. Bb5 Nxa4 51. Bc6 Ra7 52. Kb1 Nb6 53. Be8 Rg7
54. Re2 h4 55. Rd2 Kxe5 1/2-1/2

[Event "Druzynowe Mistrzostwa Polski Juniorow 2018 - II Liga"]
[Site "Szczyrk"]
[Date "1899-12-30"]
[Round "6.52"]
[White "Cwiek, Stefan"]
[Black "Czarnomski, Dominik"]
[Result "1/2-1/2"]
[WhiteTitle "II"]
[BlackTitle "II+"]
[WhiteElo "1238"]
[BlackElo "1454"]

1. e4 e6 2. d4 d5 3. Nd2 Nf6 4. e5 Nfd7 5. Bd3 c5 6. c3 Nc6 7. Ngf3 cxd4 8. cxd4
f6 9. exf6 Nxf6 10. O-O Bd6 11. a3 O-O 12. Re1 Qc7 13. b4 e5 14. b5 Nxd4 15. Nxd4
exd4 16. h3 Qf7 17. Nf3 Ne4 18. Qb3 Be6 19. Bb2 Nc5 20. Qc2 Nxd3 21. Qxd3 Bxh3
22. Qxh7+ Kxh7 23. Ng5+ Kg6 24. Nxf7 Rxf7 25. gxh3 Bc5 26. Rad1 Rf4 27. Re5 Rd8
28. Rd3 Kf6 29. Re2 Rf8 30. Kg2 Kf5 31. a4 Rf6 32. Bc1 Re4 33. Rf3+ Ke5 34. Rxf6
Kxf6 35. Rd2 Ke5 36. Kg3 Re1 37. Bb2 Ke4 38. Kg2 g6 39. Kg3 Bd6+ 40. Kg2 Be5 41.
a5 d3 42. Bxe5 Kxe5 43. Rxd3 Rb1 44. Rg3 Rxb5 45. Rxg6 Rxa5 46. h4 Rc5 47. h5
Rc8 48. Rg7 Rb8 49. h6 Kf6 50. Kg3 a5 51. f4 a4 52. Rd7 Kg6 53. Rd6+ Kh7 54. Rxd5
Kxh6 55. Ra5 b5 56. Kf3 Kg6 57. Ke4 Rb6 58. f5+ Kf6 59. Kf4 Ke7 60. Ke5 b4 1/2-1/2

[Event "Druzynowe Mistrzostwa Polski Juniorow 2018 - II Liga"]
[Site "Szczyrk"]
[Date "1899-12-30"]
[Round "6.53"]
[White "Nowacka, Dorota"]
[Black "Szelejewska, Maria"]
[Result "1-0"]
[WhiteTitle "I"]
[BlackTitle "I"]
[WhiteElo "1279"]
[BlackElo "1184"]

1. d4 d5 2. Bf4 e6 3. Nf3 c5 4. e3 Nc6 5. c3 Nf6 6. Bd3 Be7 7. Nbd2 O-O 8. Ne5
Nxe5 9. dxe5 Nd7 10. h4 f6 11. Nf3 fxe5 12. Nxe5 Nxe5 13. Bxe5 Bf6 14. f4 Bxe5
15. fxe5 Rf7 16. Qg4 Qf8 17. O-O-O c4 18. Bc2 b5 19. h5 Qc5 20. Rh3 Bd7 21. h6
g5 22. Qxg5+ Kh8 23. Rg3 Qc7 24. Bxh7 Raf8 25. Qg7+ Rxg7 26. hxg7+ Kxh7 27. Ngxf8+
1-0

[Event "Druzynowe Mistrzostwa Polski Juniorow 2018 - II Liga"]
[Site "Szczyrk"]
[Date "1899-12-30"]
[Round "6.54"]
[White "Pawlowska, Emilia"]
[Black "Ziolo, Oliwia"]
[Result "1/2-1/2"]
[WhiteTitle "II"]
[BlackTitle "I"]
[WhiteElo "1225"]
[BlackElo "1130"]

1. e4 e6 2. Nf3 d5 3. Nc3 Nf6 4. e5 Nfd7 5. d4 c5 6. dxc5 Bxc5 7. Bd3 Nc6 8. Bf4
Qb6 9. O-O Qxb2 10. Nb5 Ke7 11. Rb1 Qxa2 12. Ra1 Qb2 13. Bd2 d4 14. Qe2 a6 15.
Rfb1 Qxb1+ 16. Rxb1 axb5 17. Bxb5 h6 18. h3 g5 19. Qc4 Rd8 20. Bxc6 bxc6 21. Bb4
Bxb4 22. Qxb4+ c5 23. Qe1 Ba6 24. Qe4 Rac8 25. h4 Rg8 26. Ra1 Bc4 27. hxg5 hxg5
28. Re1 g4 29. Nd2 Bd5 30. Qe2 Rb8 31. Ne4 Nxe5 32. Nf6 Nf3+ 33. Kf1 Kxf6 34.
gxf3 gxf3 35. Qe5+ Kg6 36. Qg3+ Kf6 37. Qe5+ Kg6 38. Qg3+ Kh7 39. Qh4+ Kg7 40.
Qg3+ 1/2-1/2

[Event "Druzynowe Mistrzostwa Polski Juniorow 2018 - II Liga"]
[Site "Szczyrk"]
[Date "1899-12-30"]
[Round "6.55"]
[White "Nowak, Mikolaj"]
[Black "Majek, Kacper"]
[Result "1-0"]
[WhiteTitle "I++"]
[BlackTitle "I++"]
[WhiteElo "2015"]
[BlackElo "2088"]

1. f4 d5 2. Nf3 c5 3. g3 Nc6 4. Bg2 Nf6 5. O-O Bg4 6. d3 h5 7. Ne5 Qd6 8. Nxg4
hxg4 9. e4 dxe4 10. dxe4 Qxd1 11. Rxd1 Nd4 12. e5 O-O-O 13. Rxd4 Rxd4 14. Nc3
Ne8 15. Be3 Rb4 16. b3 e6 17. Ne4 Nc7 18. c4 Na6 19. Bd2 Be7 20. Bxb4 Nxb4 21.
Nf2 Rd8 22. a3 Nc2 23. Ra2 Nd4 24. b4 cxb4 25. axb4 Bxb4 26. Rxa7 Rd7 27. Ne4
Kb8 28. Ra2 Rc7 29. Bf1 Nf3+ 30. Kg2 Rd7 31. Be2 Rd4 32. Bxf3 gxf3+ 33. Kxf3 Rxc4
34. g4 b5 35. f5 exf5 36. gxf5 Be7 37. Ke3 b4 38. Kd3 Rc6 39. Rg2 Bf8 40. f6 gxf6
41. exf6 Kb7 42. h4 Bh6 43. Rb2 Bf8 44. h5 Kc7 45. Rg2 Kd7 46. Rg7 Ke8 47. h6
b3 48. h7 b2 49. Rg1 Rc1 50. Nd2 Rxg1 51. Qh8 Rd1 52. Kc2 Rxd2+ 53. Kb1 Rf2 54.
Qh4 Bc5 55. Qe4+ Kd7 56. Qd5+ Bd6 57. Qxf7+ Kc6 58. Qc4+ Kd7 59. Qg4+ Kc6 60.
f7 Kc7 61. Qd4 Rf1+ 62. Kxb2 Rf5 63. Qg4 Rf2+ 64. Kb3 Kc6 65. Qc8+ Kb6 66. Qd7
Bc5 67. Qe6+ Kb5 68. Kc3 Rf3+ 69. Kd2 Rf2+ 70. Ke1 Rf4 71. Qd5 Kb6 72. Ke2 Rf2+
73. Kd3 Rf4 74. Qe5 Rf2 75. Kc4 Rc2+ 76. Kd5 Rf2 77. Qb8+ Ka5 78. Kxc5 Rf5+ 79.
Kc4 Rxf7 80. Qb5# 1-0

[Event "Druzynowe Mistrzostwa Polski Juniorow 2018 - II Liga"]
[Site "Szczyrk"]
[Date "1899-12-30"]
[Round "6.56"]
[White "Derylo, Kamil"]
[Black "Leskiewicz, Ignacy"]
[Result "0-1"]
[WhiteTitle "I"]
[BlackTitle "I+"]
[WhiteElo "1755"]
[BlackElo "1856"]

1. e4 c5 2. Nf3 e6 3. d3 Nc6 4. g3 Nf6 5. Bg2 d5 6. Nbd2 Bd6 7. O-O O-O 8. Re1
Qc7 9. Qe2 dxe4 10. Nxe4 Nxe4 11. Qxe4 h6 12. Bd2 e5 13. c3 Be6 14. d4 cxd4 15.
cxd4 f5 16. Qe2 e4 17. Bc3 Rae8 18. Nd2 Qf7 19. f3 exf3 20. Qxf3 Ne7 21. d5 Bc5+
22. Kh1 Bxd5 23. Qf4 Bxg2+ 24. Kxg2 Nd5 25. Qf3 Ne3+ 26. Kh1 Nc2 27. Rxe8 Rxe8
28. Rf1 Re1 29. Qd3 Rxf1+ 30. Nxf1 Nb4 31. Bxb4 Bxb4 32. a3 Bc5 33. Kg2 Qe6 34.
Nd2 Kf7 35. Nc4 Qe4+ 36. Qxe4 fxe4 37. b4 b5 38. Ne5+ Ke6 39. bxc5 Kxe5 40. Kf2
Kd5 41. Ke3 Kxc5 42. Kxe4 a5 0-1

[Event "Druzynowe Mistrzostwa Polski Juniorow 2018 - II Liga"]
[Site "Szczyrk"]
[Date "1899-12-30"]
[Round "6.57"]
[White "Klimkowski, Jan"]
[Black "Zhydachevskyy, Yulian"]
[Result "1-0"]
[WhiteTitle "I"]
[BlackTitle "II"]
[WhiteElo "1898"]
[BlackElo "1376"]

1. e4 c5 2. Nf3 d6 3. d4 cxd4 4. Nxd4 Nf6 5. Nc3 a6 6. Be3 e5 7. Nb3 Be6 8. f3
Be7 9. Qd2 O-O 10. O-O-O a5 11. a4 Qc7 12. Nb5 Qc6 13. Qc3 Qxc3 14. Nxc3 Bxb3
15. cxb3 Nc6 16. Bc4 Rfd8 17. Rd2 Nb4 18. Rhd1 Ne8 19. Kb1 Rd7 20. Nb5 Nc6 21.
Bc5 Rad8 22. Be3 Kf8 23. Nc3 g5 24. Nd5 f6 25. Nb6 Rc7 26. Be6 Ng7 27. Bh3 Nb4
28. Nc4 Rc6 29. Bb6 Ra8 30. Bd7 Ne8 31. Bxc6 bxc6 32. Bxa5 d5 33. exd5 cxd5 34.
Bxb4 dxc4 35. Bxe7+ Kxe7 36. bxc4 Rxa4 37. b3 Ra6 38. b4 Nd6 39. b5 Rb6 40. Rxd6
Rxd6 41. Rxd6 Kxd6 42. g4 f5 43. gxf5 1-0

[Event "Druzynowe Mistrzostwa Polski Juniorow 2018 - II Liga"]
[Site "Szczyrk"]
[Date "1899-12-30"]
[Round "6.58"]
[White "Derylo, Maksymilian"]
[Black "Radoch, Filip"]
[Result "1-0"]
[WhiteTitle "II"]
[BlackTitle "II"]
[WhiteElo "1199"]
[BlackElo "1128"]

1. e4 c5 2. Nf3 Nc6 3. d4 cxd4 4. Nxd4 g6 5. c4 Bg7 6. Be3 Nf6 7. Nc3 O-O 8. Be2
a6 9. O-O h6 10. Qd2 Kh7 11. Rfd1 e6 12. Rab1 Qe7 13. a3 Ne8 14. Nxc6 bxc6 15.
b4 f5 16. Bf3 Rb8 17. exf5 Rxf5 18. Be4 Rf6 19. h4 e5 20. h5 Qf8 21. Bxg6+ Rxg6
22. Qd3 e4 23. hxg6+ Kxg6 24. Nxe4 Kf7 25. Bc5 Qg8 26. Nd6+ Nxd6 27. Qxd6 1-0

[Event "Druzynowe Mistrzostwa Polski Juniorow 2018 - II Liga"]
[Site "Szczyrk"]
[Date "1899-12-30"]
[Round "6.59"]
[White "Waligora, Julia"]
[Black "Laszczuk, Zuzanna"]
[Result "1-0"]
[WhiteTitle "I"]
[BlackTitle "I"]
[WhiteElo "1424"]
[BlackElo "1355"]

1. e4 c6 2. d4 d5 3. exd5 cxd5 4. c4 Nf6 5. Nc3 e6 6. c5 Nc6 7. Bb5 Qc7 8. Nf3
Bd7 9. Bxc6 Bxc6 10. O-O Be7 11. b4 O-O 12. Re1 Rac8 13. Ne5 b6 14. a4 Bb7 15.
Nb5 Qb8 16. Bd2 h6 17. Qb3 a6 18. Nc3 bxc5 19. bxc5 Qc7 20. Rab1 Rb8 21. Qa2 Rfc8
22. a5 Bc6 23. Rb6 Rxb6 24. axb6 Qb7 25. Ra1 Ra8 26. Nxc6 Qxc6 27. Qa4 Qb7 28.
Rb1 Rc8 29. Bf4 Ne4 30. Nxe4 dxe4 31. Ra1 Ra8 32. Bc7 Bd8 33. c6 Qc8 34. b7 Qxc7
35. Qbxa8 1-0

[Event "Druzynowe Mistrzostwa Polski Juniorow 2018 - II Liga"]
[Site "Szczyrk"]
[Date "1899-12-30"]
[Round "6.60"]
[White "Salamon, Julia"]
[Black "Malek, Sophie"]
[Result "1-0"]
[WhiteTitle "I"]
[BlackTitle "III"]
[WhiteElo "1098"]
[BlackElo "1000"]

1. d4 d5 2. Nf3 Nc6 3. c4 e5 4. dxe5 d4 5. h3 Bb4+ 6. Bd2 Be6 7. Bxb4 Nxb4 8. Qd2
Qe7 9. a3 Nc6 10. b3 O-O-O 11. g3 f6 12. exf6 Nxf6 13. Ng5 Bf5 14. Bg2 Ne4 15.
Nxe4 Bxe4 16. Bxe4 Qxe4 17. O-O h5 18. Qd3 Qe6 19. Kg2 g5 20. Nd2 Ne5 21. Qe4
d3 22. Nf3 dxe2 23. Rfe1 Rde8 24. Rxe2 Qf6 25. Nxe5 Qg7 26. Qf5+ Kb8 27. Nd7+
Ka8 28. Rxe8+ Rxe8 29. Rd1 b6 30. Qd5+ c6 31. Qxc6# 1-0

[Event "Druzynowe Mistrzostwa Polski Juniorow 2018 - II Liga"]
[Site "Szczyrk"]
[Date "1899-12-30"]
[Round "6.61"]
[White "Krzywnicka, Maria"]
[Black "Kawaler, Adam"]
[Result "0-1"]
[WhiteTitle "I++"]
[BlackTitle "I"]
[WhiteElo "1845"]
[BlackElo "1811"]

1. e4 c5 2. d3 Nc6 3. g3 g6 4. Bg2 Bg7 5. Nc3 Rb8 6. Be3 b5 7. Qd2 b4 8. Nd1 d6
9. Ne2 e6 10. O-O Nge7 11. Bh6 O-O 12. Bxg7 Kxg7 13. Ne3 e5 14. f4 Nd4 15. f5
Nxe2+ 16. Qxe2 f6 17. g4 g5 18. h4 h6 19. hxg5 hxg5 20. Kf2 Bd7 21. Rh1 Qc7 22.
Qf3 Rh8 23. Rh5 Rxh5 24. gxh5 Rh8 25. Qd1 Be8 26. Bf3 Bf7 27. a3 a5 28. axb4 cxb4
29. Rc1 Qc6 30. c3 b3 31. d4 Qe8 32. dxe5 dxe5 33. Qd6 Nc8 34. Qa6 Qd8 35. Rd1
Qb6 36. Qd3 Qc5 37. Rh1 Nd6 38. Kg2 a4 39. Rd1 Rd8 40. h6+ Kxh6 41. Ng4+ Kg7 42.
Rh1 Bc4 43. Qb1 Nf7 44. Rh3 Rh8 45. Rxh8 Nxh8 46. Qh1 Nf7 47. Qh5 Qd6 48. Qg6+
Kf8 49. Nxf6 Qd2+ 50. Kh3 Qf4 51. Nd7+ Ke7 52. f6+ Kxd7 53. Bg4+ Kc6 0-1

[Event "Druzynowe Mistrzostwa Polski Juniorow 2018 - II Liga"]
[Site "Szczyrk"]
[Date "1899-12-30"]
[Round "6.62"]
[White "Mazurek, Bartosz"]
[Black "Gozdzicki, Maciej"]
[Result "1/2-1/2"]
[WhiteTitle "I"]
[BlackTitle "II+"]
[WhiteElo "1733"]
[BlackElo "1699"]

1. d4 Nf6 2. c4 e6 3. Nf3 d5 4. Nc3 Be7 5. Bg5 O-O 6. e3 Nbd7 7. cxd5 exd5 8. Bd3
Re8 9. h3 Nf8 10. Qc2 c6 11. O-O Ne4 12. Bf4 Nxc3 13. bxc3 Bd6 14. Bxd6 Qxd6 15.
e4 Qf4 16. exd5 Bxh3 17. Ne5 Bxg2 18. Kxg2 Rxe5 19. dxe5 Qg4+ 20. Kh2 Qh4+ 21.
Kg2 Qg4+ 22. Kh2 Qh4+ 23. Kg2 Qg4+ 24. Kh2 Qh4+ 25. Kg2 Qg4+ 1/2-1/2